| 000 -CABECERA |
| fixed length control field |
00961nam a22002417a 4500 |
| 003 - IDENTIFICADOR DEL NÚMERO DE CONTROL |
| control field |
AR-CdUCM |
| 008 - DATOS DE LONGITUD FIJA--INFORMACIÓN GENERAL |
| fixed length control field |
190328b ||||| |||| 00| 0 spa d |
| 040 ## - FUENTE DE LA CATALOGACIÓN |
| Agencia/entidad que catalogó originalmente la obra |
MUNICIPALIDAD PROVINCIAL DEL CUSCO |
| Entidad que transcribió la catalogación |
BIBLIOTECA MUNICIPAL DEL CUSCO |
| 082 ## - NÚMERO DE LA CLASIFICACIÓN DECIMAL DEWEY |
| No. de Clasificación |
631.45 / |
| Notacion interna |
V82 / 1944 |
| 100 ## - ENTRADA PRINCIPAL--NOMBRE DE PERSONA |
| Nombre Personal |
Vogt, Guillermo |
| 245 ## - MENCIÓN DE TÍTULO |
| Título |
El hombre y la tierra / |
| 260 ## - PUBLICACIÓN, DISTRIBUCIÓN, ETC. |
| Lugar de publicación, distribución, etc. |
México : |
| Nombre de la editorial, distribuidor, etc. |
Secretaria de Educación Pública, |
| Fecha de publicación, distribución, etc. |
1944. |
| 300 ## - DESCRIPCIÓN FÍSICA |
| Nº de Páginas Extensión |
94 páginas ; |
| Otros detalles físicos |
ilustraciones, |
| Dimensiones |
19 cm. |
| 440 ## - MENCIÓN DE SERIE/PUNTO DE ACCESO ADICIONAL--TÍTULO |
| Título |
Biblioteca Enciclopédica Popular. |
| Número de la parte/sección de una obra |
32 |
| 9 (RLIN) |
26412 |
| 505 ## - NOTA DE CONTENIDO CON FORMATO |
| Nota de contenido formateada |
Contenido: La tierra, dueña del hombre -- Los frutos de la tierra -- México tiene sed -- El suelo fuente de la vida -- La tela de la vida -- Sólo Dios puede hacer un árbol ... |
| 650 ## - PUNTO DE ACCESO ADICIONAL DE MATERIA--TÉRMINO DE MATERIA |
| Descriptor |
Suelos |
| 9 (RLIN) |
19092 |
| 650 ## - PUNTO DE ACCESO ADICIONAL DE MATERIA--TÉRMINO DE MATERIA |
| Descriptor |
Naturaleza |
| 9 (RLIN) |
4241 |
| 650 ## - PUNTO DE ACCESO ADICIONAL DE MATERIA--TÉRMINO DE MATERIA |
| Descriptor |
México |
| 9 (RLIN) |
18 |
| 650 ## - PUNTO DE ACCESO ADICIONAL DE MATERIA--TÉRMINO DE MATERIA |
| Descriptor |
Conservación y protección |
| 9 (RLIN) |
26413 |
| 700 ## - PUNTO DE ACCESO ADICIONAL--NOMBRE DE PERSONA |
| Nombre Personal |
Alcala, Manuél (palabras preliminares) |
| 9 (RLIN) |
26414 |
| 942 ## - ELEMENTOS DE PUNTO DE ACCESO ADICIONAL (KOHA) |
| Fuente de clasificación |
|
| Tipo de item |
Libros-BMC |
| 945 ## - PROCESAMIENTO DE INFORMACIÓN LOCAL (OCLC) |
| Catalogador |
achl |